000 00280nam a2200097Ia 4500
001 698673
005 20250826162056.0
008 250824s9999 xx 000 0 und d
245 0 _aBÜYÜK UMUTLAR (ANTİK DÜNYA KLASİKLERİ)
_cCHARLES DİCKENS
260 _bANTİK DÜNYA KLASİKLERİ
999 _c698673
_d698673